| 000 | 00709nam a22002177a 4500 | ||
|---|---|---|---|
| 003 | DO-SdBNP | ||
| 005 | 20221115085017.0 | ||
| 007 | ta | ||
| 008 | 210915b2018 dr ||||| |||| 00| p spa d | ||
| 040 |
_aDO-SdBNP _bspa _cBNPHU |
||
| 082 | 4 |
_222 _bS684s _axxx |
|
| 100 |
_aSolano Pérez, Juan, _98296 _d1965 |
||
| 245 | 1 | 3 |
_a La sombra del tiempo : _b(poesías variadas) / _cJuan Solano Pérez. |
| 260 |
_aSanto Domingo : _bSoto Castillo, _c2018. |
||
| 300 |
_a43 p. ; _c21 cm. |
||
| 500 | _aIncluye datos biográficos del autor en la contraportada. | ||
| 590 | _aInventariado, 2022 / YL | ||
| 590 | _aLa biblioteca posee 3 ejemplar autografiado por el autor. | ||
| 910 | _aYLockward | ||
| 942 |
_2ddc _cLF2 |
||
| 999 |
_c52928 _d52928 |
||